<?xml version="1.0" encoding="UTF-8"?>
<collection xmlns="http://www.loc.gov/MARC21/slim">
 <record>
  <leader>03134nam a22002897a 4500</leader>
  <controlfield tag="001">NCT_43293</controlfield>
  <controlfield tag="008">180622b        xxu||||| |||| 00| 0 vie d</controlfield>
  <datafield tag="999" ind1=" " ind2=" ">
   <subfield code="c">2076</subfield>
   <subfield code="d">2076</subfield>
  </datafield>
  <datafield tag="020" ind1=" " ind2=" ">
   <subfield code="c">120000</subfield>
  </datafield>
  <datafield tag="082" ind1="0" ind2="4">
   <subfield code="2">23rd ed.</subfield>
   <subfield code="a">158.4</subfield>
   <subfield code="b">D281</subfield>
  </datafield>
  <datafield tag="100" ind1="1" ind2=" ">
   <subfield code="a">Tjosvold, Dean</subfield>
  </datafield>
  <datafield tag="245" ind1="1" ind2="0">
   <subfield code="a">MBA trong tầm tay tâm lý học dành cho lãnh đạo = </subfield>
   <subfield code="b">The portable MBA Psychology for leaders : Quản lý hiệu quả hơn nhờ cách thức tạo ra động lực, xung đột và quyền lực</subfield>
   <subfield code="c">Dean Tjosvold, Mary M. Tjosvold; Thanh Hằng (dịch); Cam Thảo (hiệu đính)</subfield>
  </datafield>
  <datafield tag="260" ind1=" " ind2=" ">
   <subfield code="a">TP. Hồ Chí Minh</subfield>
   <subfield code="b">Tổng hợp Thành phố Hồ Chí Minh</subfield>
   <subfield code="c">2010</subfield>
  </datafield>
  <datafield tag="490" ind1=" " ind2=" ">
   <subfield code="a">Tinh Văn Media</subfield>
  </datafield>
  <datafield tag="500" ind1=" " ind2=" ">
   <subfield code="a">Lần đầu tiên xuất bản tại Việt Nam</subfield>
  </datafield>
  <datafield tag="520" ind1="3" ind2=" ">
   <subfield code="a">Việc lãnh đạo và thảo luận lãnh đạo về thuật lãnh đạo là một phần trong di sản con người của chúng ta. Nhưng việc nghiên cứu thực nghiệm về lãnh đạo chỉ bắt đầu cách đây vài thập kỷ. Còn việc nghiên cứu tâm lý về hành vi quản lý và tổ chức đã được thực hiện trên diện rộng của các trường quản trị kinh doanh từ đầu thập niên 60. Như vậy, chúng ta chỉ mới bắt đầu cuộc hành trình phát triển tầm hiểu biết về tâm lý của các cá nhân, các mối quan hệ và các tổ chức đầy phức tạp để hiểu về thuật lãnh đạo. Chúng ta may mắn khi có thể tận dụng được lĩnh vực tâm lý học cũng như nghiên cứu về thuật lãnh đạo. Hơn một thế kỹ qua, hàng ngàn chuyên gia tâm lý đã miệt mài nghiên cứu để phát triển các lý thuyết vững chắc, đồng thời tiến hành nghiên cứu thực nghiệm nhằm kiểm chứng và mở rộng những lý thuyết này.</subfield>
  </datafield>
  <datafield tag="653" ind1=" " ind2=" ">
   <subfield code="a">Quản trị kinh doanh</subfield>
  </datafield>
  <datafield tag="700" ind1="1" ind2=" ">
   <subfield code="a">Tjosvold, Mary M. </subfield>
  </datafield>
  <datafield tag="700" ind1="1" ind2=" ">
   <subfield code="a"> Thanh Hằng </subfield>
   <subfield code="e">Người dịch</subfield>
  </datafield>
  <datafield tag="700" ind1="1" ind2=" ">
   <subfield code="a">Cam Thảo  </subfield>
   <subfield code="e">Hiệu đính</subfield>
  </datafield>
  <datafield tag="942" ind1=" " ind2=" ">
   <subfield code="2">ddc</subfield>
   <subfield code="c">BK</subfield>
  </datafield>
  <datafield tag="952" ind1=" " ind2=" ">
   <subfield code="0">0</subfield>
   <subfield code="1">0</subfield>
   <subfield code="2">ddc</subfield>
   <subfield code="4">0</subfield>
   <subfield code="6">158_400000000000000_D281</subfield>
   <subfield code="7">0</subfield>
   <subfield code="9">11282</subfield>
   <subfield code="a">000001</subfield>
   <subfield code="b">000001</subfield>
   <subfield code="d">2018-06-22</subfield>
   <subfield code="o">158.4 D281</subfield>
   <subfield code="p">MD.07223</subfield>
   <subfield code="r">2019-08-20</subfield>
   <subfield code="v">120000.00</subfield>
   <subfield code="w">2018-06-22</subfield>
   <subfield code="y">BK</subfield>
  </datafield>
  <datafield tag="952" ind1=" " ind2=" ">
   <subfield code="0">0</subfield>
   <subfield code="1">0</subfield>
   <subfield code="2">ddc</subfield>
   <subfield code="4">0</subfield>
   <subfield code="6">158_400000000000000_D281</subfield>
   <subfield code="7">0</subfield>
   <subfield code="9">11283</subfield>
   <subfield code="a">000001</subfield>
   <subfield code="b">000001</subfield>
   <subfield code="d">2018-06-22</subfield>
   <subfield code="o">158.4 D281</subfield>
   <subfield code="p">MD.07224</subfield>
   <subfield code="r">2019-09-11</subfield>
   <subfield code="v">120000.00</subfield>
   <subfield code="w">2018-06-22</subfield>
   <subfield code="y">BK</subfield>
  </datafield>
  <datafield tag="952" ind1=" " ind2=" ">
   <subfield code="0">0</subfield>
   <subfield code="1">0</subfield>
   <subfield code="2">ddc</subfield>
   <subfield code="4">0</subfield>
   <subfield code="6">158_400000000000000_D281</subfield>
   <subfield code="7">0</subfield>
   <subfield code="9">11284</subfield>
   <subfield code="a">000001</subfield>
   <subfield code="b">000001</subfield>
   <subfield code="d">2018-06-22</subfield>
   <subfield code="o">158.4 D281</subfield>
   <subfield code="p">MD.07225</subfield>
   <subfield code="r">2018-06-22</subfield>
   <subfield code="v">120000.00</subfield>
   <subfield code="w">2018-06-22</subfield>
   <subfield code="y">BK</subfield>
  </datafield>
  <datafield tag="952" ind1=" " ind2=" ">
   <subfield code="0">0</subfield>
   <subfield code="1">0</subfield>
   <subfield code="2">ddc</subfield>
   <subfield code="4">0</subfield>
   <subfield code="6">158_400000000000000_D281</subfield>
   <subfield code="7">0</subfield>
   <subfield code="9">11285</subfield>
   <subfield code="a">000001</subfield>
   <subfield code="b">000001</subfield>
   <subfield code="d">2018-06-22</subfield>
   <subfield code="o">158.4 D281</subfield>
   <subfield code="p">MD.07226</subfield>
   <subfield code="r">2018-06-22</subfield>
   <subfield code="v">120000.00</subfield>
   <subfield code="w">2018-06-22</subfield>
   <subfield code="y">BK</subfield>
  </datafield>
  <datafield tag="952" ind1=" " ind2=" ">
   <subfield code="0">0</subfield>
   <subfield code="1">0</subfield>
   <subfield code="2">ddc</subfield>
   <subfield code="4">0</subfield>
   <subfield code="6">158_400000000000000_D281</subfield>
   <subfield code="7">0</subfield>
   <subfield code="9">12010</subfield>
   <subfield code="a">000001</subfield>
   <subfield code="b">000001</subfield>
   <subfield code="d">2018-07-06</subfield>
   <subfield code="o">158.4 D281</subfield>
   <subfield code="p">MD.07229</subfield>
   <subfield code="r">2018-07-06</subfield>
   <subfield code="v">120000.00</subfield>
   <subfield code="w">2018-07-06</subfield>
   <subfield code="y">BK</subfield>
  </datafield>
  <datafield tag="980" ind1=" " ind2=" ">
   <subfield code="a">Thư viện Trường Đại học Nam Cần Thơ</subfield>
  </datafield>
 </record>
</collection>
